Normal view
MARC view
- Park West Gallery (Southfield, Mich.)
Entry Corporate Name
001 - CONTROL NUMBER
- control field: 10446
003 - CONTROL NUMBER IDENTIFIER
- control field: OSt
005 - DATE AND TIME OF LATEST TRANSACTION
- control field: 20160624184802.0
008 - FIXED-LENGTH DATA ELEMENTS
- fixed length control field: 160624|| aca||aabn | a|a d
040 ## - CATALOGING SOURCE
- Original cataloging agency: OSt
110 ## - HEADING--CORPORATE NAME
- Corporate name or jurisdiction name as entry element: Park West Gallery (Southfield, Mich.)
